000 00298nam a22001337a 4500
008 170530b xxu||||| |||| 00| 0 eng d
020 _a9781595581792
041 _aeng
080 _a94
100 _a17
101 _aSHH
245 _aMATTHEW CARR THE INFERNAL MACHINE
_cCARR,M
942 _2udc
_cBK
999 _c15026
_d15026